00440 2200169 4500001002100000008004100021035002000062245007000082100001900152250000600171260003300177084001400210082000800224650001400232990001200246990001200258INLIS000000000001213 ind  a0010-0524000448 aSiaga & Sukses Jelang Ujian Nasional Kimia SMA/ MAcBudiman Anwar aAnwar, Budiman a1 aBandung :bYrama Widyac2010 a540 BUD s a540 aNon Fiksi a0713887 a0713888